El riesgo por eventos ENOS y variabilidad climática en Costa Rica: tendencias e implicaciones implicadas a partir de la fuente DesInventar, 1970-2003 /
El Niño -Oscilación Sur-, mejor conocida como ENOS, comprende un fenómeno de acoplamiento oceánico - atmosférico recurrente en las aguas del Pacífico Ecuatorial, que se asocia con alteraciones en la temperatura del mar y genera variaciones en la expresión de la variabilidad climática interanual en l...
Uloženo v:
| Hlavní autor: | |
|---|---|
| Médium: | Text |
| Témata: | |
| Tagy: |
Přidat tag
Žádné tagy, Buďte první, kdo vytvoří štítek k tomuto záznamu!
|
MARC
| LEADER | 00000 a a2200000 04500 | ||
|---|---|---|---|
| 001 | 41851 | ||
| 003 | |||
| 040 | |||
| 100 | |a Bonilla, Adriana | ||
| 245 | |a El riesgo por eventos ENOS y variabilidad climática en Costa Rica: |b tendencias e implicaciones implicadas a partir de la fuente DesInventar, 1970-2003 / |c Adriana Bonilla | ||
| 520 | |a El Niño -Oscilación Sur-, mejor conocida como ENOS, comprende un fenómeno de acoplamiento oceánico - atmosférico recurrente en las aguas del Pacífico Ecuatorial, que se asocia con alteraciones en la temperatura del mar y genera variaciones en la expresión de la variabilidad climática interanual en las zonas, regiones o países bajo su influencia. Este estudio es un retrato particular basado en eventos hidrometeorológicos ocurridos en Costa Rica y recopilados en un inventario. Su análisis pretende reflejar, a la luz de la trayectoria y los registros de estos desastres y sus daños, cuánto se ha transformado este país y las consecuencias de dicho cambio económico, social y del paisaje sobre la vulnerabilidad de la población, expresada en una mayor recurrencia de eventos hidrometeorológicos reportados conforme se avanza sobre la línea del período de estudio. | ||
| 590 | |a DISEMINAR102011/RRA/NOVIEMBRE2011 | ||
| 650 | |a DESASTRES | ||
| 650 | |a EVENTOS HIDROMETEOROLOGICOS | ||
| 650 | |a COSTA RICA | ||
| 650 | |a ANALISIS HISTORICO | ||
| 650 | |a SEQUIA | ||
| 650 | |a CAMBIOS CLIMATICOS | ||
| 773 | |g (2008), páginas 223-255 | ||
| 999 | |c 25942 |d 25942 | ||
